Wilson's Old Testament word studies / (Record no. 7126)
[ view plain ]
| 000 -LEADER | |
|---|---|
| fixed length control field | 01113cam a2200337Ia 4500 |
| 001 - CONTROL NUMBER | |
| control field | 7389027 |
| 003 - CONTROL NUMBER IDENTIFIER | |
| control field | OCoLC |
| 005 - DATE AND TIME OF LATEST TRANSACTION | |
| control field | 20190329115623.0 |
| 008 - FIXED-LENGTH DATA ELEMENTS--GENERAL INFORMATION | |
| fixed length control field | 810504q19001981vau 001 0 eng d |
| 020 ## - INTERNATIONAL STANDARD BOOK NUMBER | |
| International Standard Book Number | 0917006275 |
| 035 ## - SYSTEM CONTROL NUMBER | |
| System control number | tcgc41120 |
| 040 ## - CATALOGING SOURCE | |
| Original cataloging agency | CAP |
| Transcribing agency | CAP |
| Modifying agency | GFC |
| -- | STU |
| 082 ## - DEWEY DECIMAL CLASSIFICATION NUMBER | |
| Classification number | REF 221.1 |
| Item number | W746w |
| 090 ## - LOCALLY ASSIGNED LC-TYPE CALL NUMBER (OCLC); LOCAL CALL NUMBER (RLIN) | |
| Classification number (OCLC) (R) ; Classification number, CALL (RLIN) (NR) | BS1125 |
| Local cutter number (OCLC) ; Book number/undivided call number, CALL (RLIN) | .W52 |
| 092 ## - LOCALLY ASSIGNED DEWEY CALL NUMBER (OCLC) | |
| Classification number | 221.1 |
| Item number | W753 |
| 092 ## - LOCALLY ASSIGNED DEWEY CALL NUMBER (OCLC) | |
| Classification number | 221.4403 |
| Item number | W754w |
| 100 1# - MAIN ENTRY--PERSONAL NAME | |
| Personal name | Wilson, William, |
| Dates associated with a name | 1783?-1873. |
| 245 10 - TITLE STATEMENT | |
| Title | Wilson's Old Testament word studies / |
| Statement of responsibility, etc. | by William Wilson. |
| 246 3# - VARYING FORM OF TITLE | |
| Title proper/short title | Old Testament word studies. |
| 246 3# - VARYING FORM OF TITLE | |
| Title proper/short title | Bible student's handbook. |
| 260 ## - PUBLICATION, DISTRIBUTION, ETC. | |
| Place of publication, distribution, etc. | McLean, Va. : |
| Name of publisher, distributor, etc. | MacDonald Publishing Co., |
| Date of publication, distribution, etc. | [19--] |
| 300 ## - PHYSICAL DESCRIPTION | |
| Extent | 566 p. ; |
| Dimensions | 24 cm. |
| 500 ## - GENERAL NOTE | |
| General note | Includes index. |
| 500 ## - GENERAL NOTE | |
| General note | Previously published: London : Macmillan, 1870 as The Bible student's handbook (2d ed.) |
| 630 00 - SUBJECT ADDED ENTRY--UNIFORM TITLE | |
| Uniform title | Bible. |
| Name of part/section of a work | Old Testament |
| Form subdivision | Concordances, English. |
| 650 #0 - SUBJECT ADDED ENTRY--TOPICAL TERM | |
| Topical term or geographic name entry element | English language |
| Form subdivision | Dictionaries |
| General subdivision | Hebrew. |
| 650 #0 - SUBJECT ADDED ENTRY--TOPICAL TERM | |
| Topical term or geographic name entry element | English language |
| Form subdivision | Dictionaries |
| General subdivision | Aramaic. |
| 740 00 - ADDED ENTRY--UNCONTROLLED RELATED/ANALYTICAL TITLE | |
| Uncontrolled related/analytical title | Old Testament word studies. |
| 740 41 - ADDED ENTRY--UNCONTROLLED RELATED/ANALYTICAL TITLE | |
| Uncontrolled related/analytical title | The Bible student's handbook. |
| 942 ## - ADDED ENTRY ELEMENTS (KOHA) | |
| Source of classification or shelving scheme | Dewey Decimal Classification |
| Koha item type | Reference |
| Withdrawn status | Lost status | Source of classification or shelving scheme | Damaged status | Not for loan | Collection code | Home library | Current library | Shelving location | Date acquired | Cost, normal purchase price | Total Checkouts | Full call number | Barcode | Date last seen | Price effective from | Koha item type |
|---|---|---|---|---|---|---|---|---|---|---|---|---|---|---|---|---|
| Dewey Decimal Classification | Not For Loan | Reference | Harvest Mission College | Harvest Mission College | Reference | 22.01.2019 | 600.00 | REF 221.1 W746w | 008088 | 22.01.2019 | 22.01.2019 | Reference |
